MARC

LEADER 00000nam a22000007a 4500
005 20221101004049.0
007 cr|||| ||||
008 221101c20209999pe n|w s|||| 0|||b1spa d
035 |a 37219 
040 |a vLex 
090 |c 14077  |d 14077 
245 0 0 |a Ius Verum  |h [Recurso electrn̤ico] :  |b Temas actuales 
256 |a Servicio en ln̕ea 
260 |a Lima:  |b Asociacin̤ de estudiantes y egresados de la carrera de derecho de la Universidad Cientf̕ica del Sur,  |c 2020 - 
300 |a 1 recurso electrn̤ico 
310 |a Irregular 
506 1 |a Disponible solo en los productos indicados  |d vLex Global  |d vLex Global (Academic Edition, excluding Law Schools)  |d vLex Global (U.S. Academic Edition, Law Schools)  |d vLex Global (U.S. Academic Edition, excluding Law Schools)  |d vLex Global (Academic Edition, Law Schools) 
650 0 4 |a Derecho Civil  |z Per︢ 
650 0 4 |a Derecho Laboral y Seguridad Social  |z Per︢ 
650 0 4 |a Derecho Penal  |z Per︢ 
650 0 4 |a Derecho Pb︢lico y Administrativo  |z Per︢ 
650 0 4 |a Derecho del Medio Ambiente  |z Per︢ 
740 0 |a vLex Revistas (Servicio en ln̕ea) 
856 4 0 |u https://app.vlex.com/#/sources/37219  |z Acceso restringido 
942 |c REV 
999 0 |a Civil Law 
999 0 |a Labor Law and Social Security 
999 0 |a Criminal Law 
999 0 |a Public and Administrative Law 
999 0 |a Environmental Law